LEADER 01340nam a2200277 i 4500 001 000000140658 003 CaOOAMICUS 005 20050623000000.0 008 050623s2004 it u000 u eng u 013 $a114859 020 $a88-7210-347-9 040 $aSeMil$bita 100 1 $aMayer, Wendy.$0(OLS)http://semarc/name/56648 245 14$aThe homilies of St John Chrisostom - Provenance :$breshaping the Foundations /$cWendy Mayer. 260 $aRoma :$bPontificio Istituto Orientale,$c2004. 300 $a570 p. :$btab. ;$c24 cm. 490 0 $aOrientalia Christiana Analecta ;$v273 600 04$aGiovanni : Crisostomo .$0(OLS)http://semarc/subject/7480 650 4$aGiovanni : Crisostomo - Omelie.$0(OLS)http://semarc/subject/3128 830 0$aOrientalia Christiana Analecta ;$v273.$0(OLS)http://semarc/title/100 850 $aSeMil 852 $aSeMil$W1$xVenegono$y1$m2K IV 310$j93975$B93975$CSeMilBibl$Z2$F99442 $81 961 $aSottoscrizione: Pontificio Istituto Orientale 996 $6020$a88-7210-347-9$9(OLS)http://semarc/number/128793 996 $6245$aThe homilies of St John Chrisostom - Provenance :$breshaping the Foundations$9(OLS)http://semarc/title/205505 996 $6260$aRoma :$bPontificio Istituto Orientale$9(OLS)http://semarc/publisher/29652 LEADER 01096nam a2200241 i 4500 001 000000039373 003 CaOOAMICUS 005 20030623000000.0 008 030623s1991 it u000 u ita u 013 $a10108 040 $aSeMil$bita 100 1 $aFoligno .$0(OLS)http://semarc/name/19079 245 10$aIn ascolto dello Spirito e in dialogo con gli uomini :$bcostituzioni sinodali : sinodo della Chiesa di Foligno, 1986-1991. 260 $aFoligno :$b[s.n.],$c1991$e(Foligno :$fMancini e Valeri,$g1991) 300 $a303 p. :$b[1] c. di tav. ;$c22 cm. 500 $aFondo Card. C.M. Martini. 650 4$aSinodi diocesani - Foligno.$0(OLS)http://semarc/subject/4443 850 $aSeMil 852 $aSeMil$W1$xVenegono$y1$m2J I 235 °$j5528$B5528$CSeMilBibl$Z2$F5528 $81 941 1 $a4 961 $aOmaggio: Martini Card. Carlo Maria 996 $6245$aIn ascolto dello Spirito e in dialogo con gli uomini :$bcostituzioni sinodali : sinodo della Chiesa di Foligno, 1986-1991$9(OLS)http://semarc/title/56033 996 $6260$aFoligno :$b[s.n.]$9(OLS)http://semarc/publisher/35572